000
00220nam a22000857a 4500
008
160810b xxu||||| |||| 00| 0 eng d
100
_9
105
_a
Lewis C.S
245
_a
The Last battle
260
_a
New York
_b
Harper Publication
_c
2005
999
_c
2758
_d
2758